| 000 | 00507nam a22001817a 4500 | ||
|---|---|---|---|
| 003 | OSt | ||
| 005 | 20180321110229.0 | ||
| 008 | 161007b xxu||||| |||| 00| 0 eng d | ||
| 020 | _a92-75-31587-6 | ||
| 040 | _cCRI | ||
| 082 | _a613 | ||
| 110 | 2 |
_92838 _aOrganización Panamericana de la Salud |
|
| 245 | 3 |
_aLa salud en las Américas _cOPS |
|
| 260 |
_aWashington _bOrganización Panamericana de la Salud _c2002 |
||
| 300 |
_a2 v. _bil. _c28 cm. |
||
| 650 | 0 |
_924782 _aSalud |
|
| 942 |
_2ddc _cBK _hprozim |
||
| 999 |
_c26152 _d26152 |
||